Jurisdiccin̤ constitucional y derechos fundamentales

Detalles Bibliográficos
Autor principal: Starck, Christian
Formato: Libro
Lenguaje:español
Publicado: Madrid : Dykinson, [2011]
Colección:Dykinson-constitucional
Materias:
Acceso en línea:Acceso restringido

MARC

LEADER 00000nam a2200000 a 4500
005 2011100700290.0
008 110504s2011 sp 000 0 spa c
017 |a D.L.M. 1305-2011 
020 |a 9788499820712 
020 |a 8499820719 
035 |a 5862 
040 |d vLex 
090 |c 2632  |d 2632 
100 1 |a Starck, Christian 
245 1 0 |a Jurisdiccin̤ constitucional y derechos fundamentales   |h [Recurso electrn̤cio] /  |c Christian Starck 
256 |a Servicio en ln̕ea. 
260 |a Madrid :  |b Dykinson,  |c [2011] 
300 |a 1 recurso electrn̤ico 
506 1 |a Contenido solo disponible en los productos indicados  |d vLex Global  |d vLex Global (Academic Edition, excluding Law Schools)  |d vLex Global (U.S. Academic Edition, Law Schools)  |d vLex Global (U.S. Academic Edition, excluding Law Schools)  |d vLex Global (Academic Edition, Law Schools) 
650 0 4 |a Constitucionalidad de las leyes 
650 0 4 |a Tribunales constitucionales 
650 0 4 |a Derechos fundamentales 
650 0 4 |a Dignidad 
740 0 |a vLex Libros (Servicio en ln̕ea) 
830 0 |a Dykinson-constitucional 
856 4 0 |u http://vlex.com/source/jurisdiccion-constitucional-derechos-fundamentales-5862  |z Acceso restringido 
942 |c BOOK